000
00301nam a2200133 a 4500
001
5000
003
CDMR
005
20130116135303.0
008
130130s2008||||||||||||||||||||||||||||d
040
_a
CDMR
_b
cat
_c
CPC GIRONA
245
3
_a
La casa Masramon d'Olot
260
_c
2008
_b
COAC Girona
942
_c
MON
999
_c
5000
_d
5000